| 000 | 00702cab a2200229 4500 | ||
|---|---|---|---|
| 001 | ABS54659 | ||
| 008 | 090401t1996 xxu||||| |||| 00| 0 eng d | ||
| 035 | _a(Sirsi) u11576 | ||
| 041 | _aeng | ||
| 245 | _aHello Mr Chips | ||
| 260 | _c1996 | ||
| 350 | _a0 | ||
| 490 |
_aBuilding _v261(7935) 4 April 1996, 37-40(4) |
||
| 520 | _aFirst in a series featuring different types of buildings looks at five university learning resource centres presently under construction. | ||
| 650 | _aLEARNING RESOURCE CENTRES | ||
| 650 | _aLIBRARIES | ||
| 650 | _aUNIVERSITY BUILDINGS | ||
| 650 | _aUNIVERSITY LIBRARIES | ||
| 690 | _aBUILT ENVIRONMENT-CONSTRUCTION DESIGN | ||
| 942 | _n0 | ||
| 948 | _c04/03/1997 | ||
| 999 |
_c7382 _d7382 |
||